Countries That President Obama Visited While In Office - Statistics

General Stats
  • This quiz has been taken 1,448 times
    1,043 since last reset
  • The average score is 43 of 58
Answer Stats
Answer % Correct
United Kingdom
99%
Canada
98%
France
97%
Mexico
97%
Russia
96%
Brazil
95%
China
95%
Italy
95%
Japan
95%
Spain
95%
Germany
93%
Australia
92%
Argentina
91%
India
90%
South Korea
90%
Sweden
90%
Norway
89%
Egypt
88%
Portugal
87%
South Africa
87%
Ireland
86%
Turkey
85%
Indonesia
84%
Poland
84%
Greece
83%
Iraq
82%
Netherlands
82%
Saudi Arabia
82%
Belgium
81%
Chile
81%
Colombia
81%
Denmark
80%
Israel
80%
Cuba
76%
Thailand
75%
Vietnam
74%
Peru
73%
Malaysia
69%
Kenya
66%
Singapore
66%
Philippines
65%
Vatican City
65%
Afghanistan
64%
Panama
63%
Czech Republic
57%
Cambodia
56%
Laos
54%
Costa Rica
51%
Jordan
48%
Myanmar
47%
Ethiopia
46%
Jamaica
46%
Tanzania
45%
Estonia
41%
El Salvador
30%
Ghana
30%
Senegal
21%
Trinidad and Tobago
17%
No matching quizzes found
Score Distribution
Percent of People with Each Score
Percentile by Number Answered
Your Score History
You have not taken this quiz since the last reset